Literacy in the information age final report of the international adult literacy survey
Salvato in:
| Natura: | Libro |
|---|---|
| Lingua: | inglese |
| Pubblicazione: |
Paris
OECD
2000
|
| Soggetti: | |
| Tags: |
Nessun Tag, puoi essere il primo ad aggiungerne!!
|
MARC
| LEADER | 00000nam a2200000 4500 | ||
|---|---|---|---|
| 001 | c122627 | ||
| 005 | 20221108093227.7 | ||
| 020 | |a 92-64-17654-3 | ||
| 041 | 0 | |a eng | |
| 044 | |a FR | ||
| 245 | 1 | 0 | |a Literacy in the information age |b final report of the international adult literacy survey |
| 264 | 1 | |a Paris |b OECD |c 2000 | |
| 300 | |a 185 s. | ||
| 610 | 2 | 0 | |a vzdelanie |
| 610 | 2 | 0 | |a vedomosti |
| 610 | 2 | 0 | |a gramotnosť |
| 610 | 2 | 0 | |a gramotnosť informačná |
| 610 | 2 | 0 | |a schopnosti pracovné |
| 610 | 2 | 0 | |a vzdelávanie ďalšie |
| 610 | 2 | 0 | |a porovnanie medzinárodné |
| 610 | 2 | 0 | |a podmienky sociálne |
| 610 | 2 | 0 | |a podmienky životné |
| 610 | 2 | 0 | |a trh práce |
| 610 | 2 | 0 | |a skupiny sociálne |
| 610 | 2 | 0 | |a dospelí |
| 610 | 2 | 0 | |a populácia |
| 610 | 2 | 0 | |a práca |
| 610 | 2 | 0 | |a sily pracovné |
| 610 | 2 | 0 | |a zamestnanosť |
| 610 | 2 | 0 | |a nezamestnanosť |
| 610 | 2 | 0 | |a informácie |
| 610 | 2 | 0 | |a výskum |
| 610 | 2 | 0 | |a štúdie |
| 610 | 2 | 0 | |a analýzy |
| 610 | 2 | 0 | |a OECD |